| 000 | 00421nam a22001457a 4500 | ||
|---|---|---|---|
| 005 | 20260422174353.0 | ||
| 008 | 260422b |||||||| |||| 00| 0 eng d | ||
| 020 | _a0024182001 | ||
| 050 |
_aPE1421 _b.S7 WHI |
||
| 100 | _aWilliam Strunk Jr. | ||
| 245 |
_aThe Elements of Style _cWilliam Strunk Jr. & E B. White |
||
| 250 | _a3rd Ed. | ||
| 260 |
_aNew York _bMacmillan Publishing Co. Inc _c1979 |
||
| 942 |
_2lcc _cBK _e3rd Ed. _n0 |
||
| 999 |
_c9551 _d9551 |
||